[Event "Nationale I Jeune, Vandoeuvre"]
[Site "?"]
[Date "1998.??.??"]
[Round "?"]
[White "Wendling, Jerome"]
[Black "Gering, Adrien"]
[Result "0-1"]
[WhiteElo "2780"]
[BlackElo "2730"]
[PlyCount "120"]
[EventDate "1998.??.??"]
[Source "www.chesslib.no"]
[SourceDate "2004.05.04"]

1. e4 e5 2. Nf3 Nc6 3. Nc3 Bb4 4. d3 Nf6 5. Bd2 d6 6. h3 Be6 7. a3 Bc5 8. Be3 Nd4 9. Be2 O-O 10. Na4 Nxf3+ 11. Bxf3 Bxe3 12. fxe3 Qd7 13. Nc3 Qc6 14. d4 Qb6 15. Rb1 Rfd8 16. O-O d5 17. Kh1 exd4 18. Qxd4 Qxd4 19. exd4 dxe4 20. Nxe4 Nxe4 21. Bxe4 Rxd4 22. Bxb7 Rb8 23. Bf3 Rd2 24. Rfd1 Rxc2 25. Rbc1 Rxc1 26. Rxc1 h6 27. Rxc7 Rxb2 28. Rxa7 Ra2 29. Be4 g6 30. a4 Bc4 31. a5 Kg7 32. Bb7 Kf6 33. Ra8 Ke6 34. a6 Kd6 35. a7 Kc7 36. Rc8+ Kxb7 37. Rxc4 Kb6 38. Rh4 h5 39. g4 Ra4 40. Kg2 hxg4 41. hxg4 Kc6 42. Kg3 Kd6 43. Rh7 Ke6 44. Rh6 Kf6 45. Kh4 Kg7 46. Kg5 Ra5+ 47. Kf4 Kxh6 48. Kg3 Kg5 49. Kf3 Ra3+ 50. Ke4 Kxg4 51. Kd4 f5 52. Ke5 f4 53. Kf6 f3 54. Kxg6 f2 55. Kf6 f1=Q+ 56. Ke5 Qf4+ 57. Kd5 Ra5+ 58. Ke6 Qh6+ 59. Kd7 Rxa7+ 60. Kc8 Qh8# 0-1

[Event "Biel"]
[Site "?"]
[Date "1996.??.??"]
[Round "?"]
[White "Glek, I."]
[Black "Romanishin, O."]
[Result "1-0"]
[WhiteElo "2670"]
[BlackElo "2555"]
[PlyCount "33"]
[EventDate "1996.??.??"]
[Source "ChessBase"]
[SourceDate "1996.06.01"]

1. e4 e5 2. Nf3 Nc6 3. Nc3 Bc5 4. Nxe5 Nxe5 5. d4 Bd6 6. dxe5 Bxe5 7. Bd3 Qh4 8. Nd5 Ne7 9. g3 Qh3 10. Nxe7 Kxe7 11. f4 Qg2 12. Rf1 Bd4 13. Qh5 d5 14. Bd2 Rd8 15. f5 Bxb2 16. Rd1 dxe4 17. Bc4 1-0

[Event "Zaragoza op"]
[Site "Zaragoza"]
[Date "1996.??.??"]
[Round "8"]
[White "Korneev, Oleg"]
[Black "Romanishin, Oleg M"]
[Result "1/2-1/2"]
[WhiteElo "2590"]
[BlackElo "2590"]
[PlyCount "84"]
[EventDate "1996.04.??"]
[Source "www.chesslib.no"]
[SourceDate "2004.05.04"]

1. e4 e5 2. Nf3 Nc6 3. Nc3 Bc5 4. Nxe5 Nxe5 5. d4 Bd6 6. dxe5 Bxe5 7. Qd3 Nf6 8. Bd2 O-O 9. O-O-O Re8 10. Re1 c6 11. g3 d5 12. exd5 Bxc3 13. Bxc3 Nxd5 14. Rxe8+ Qxe8 15. Bd2 Be6 16. Qd4 Qd7 17. c4 Nb6 18. Qxd7 Nxd7 19. Bc3 Rd8 20. Be2 Nc5 21. Rd1 Rxd1+ 22. Kxd1 f6 23. Bd4 b6 24. b3 Kf7 25. Bf3 Bd7 26. Kd2 Ke7 27. Be3 Ne6 28. b4 g5 29. Be4 h6 30. Kc3 c5 31. b5 Ng7 32. f3 Nf5 33. Bf2 Nd6 34. Bd3 Bc8 35. a4 Bb7 36. f4 g4 37. Be3 f5 38. a5 Kd7 39. a6 Bf3 40. Bc1 Ke6 41. Bb2 h5 42. Kd2 Be4 1/2-1/2

[Event "Nikolaev (zt)"]
[Site "?"]
[Date "1995.??.??"]
[Round "?"]
[White "Bologan, V."]
[Black "Romanishin, O."]
[Result "1-0"]
[WhiteElo "2540"]
[BlackElo "2595"]
[PlyCount "121"]
[EventDate "1995.??.??"]
[Source "ChessBase"]
[SourceDate "1995.02.01"]

1. e4 e5 2. Nf3 Nc6 3. Nc3 Bc5 4. Nxe5 Nxe5 5. d4 Bd6 6. dxe5 Bxe5 7. Qd3 Nf6 8. Bd2 O-O 9. O-O-O Re8 10. f3 c6 11. g4 d5 12. exd5 Bxc3 13. Bxc3 Nxd5 14. Qd4 Qg5+ 15. Bd2 Qf6 16. Qxf6 Nxf6 17. h4 h5 18. g5 Nd7 19. g6 fxg6 20. Bc4+ Kh7 21. Rhe1 Nf6 22. Bf7 Rxe1 23. Rxe1 Bh3 24. Re7 b6 25. c4 Bg2 26. Bc3 Kh6 27. f4 a6 28. a4 b5 29. a5 Rd8 30. Be6 Bf3 31. c5 Bg4 32. Bb3 Rd7 33. Re1 Bf5 34. Bc2 Bg4 35. Be5 Kh7 36. Bd6 Bf5 37. Bxf5 gxf5 38. Re6 Ne4 39. b4 Nf6 40. Kc2 Kg8 41. Be5 Nd5 42. Kb3 Ne7 43. Rd6 Ra7 44. Kc3 Kf7 45. Kd4 Rb7 46. Rd8 Ra7 47. Bd6 Nd5 48. Ke5 Kg6 49. Bb8 Ra8 50. Kd6 Nxf4 51. Kxc6 Ne6 52. Rd6 Rxb8 53. Rxe6+ Kf7 54. Re1 g5 55. hxg5 Kg6 56. Kd7 f4 57. c6 Kxg5 58. c7 Rb7 59. Kc6 Rxc7+ 60. Kxc7 f3 61. Kb6 1-0

[Event "Cappelle Open"]
[Site "Cappelle la Grande FRA"]
[Date "1995.??.??"]
[Round "8"]
[White "Smagin, Sergey B"]
[Black "Romanishin, Oleg M"]
[Result "1/2-1/2"]
[WhiteElo "2540"]
[BlackElo "2595"]
[PlyCount "27"]
[EventDate "1995.03.??"]
[Source "www.chesslib.no"]
[SourceDate "2004.05.04"]

1. e4 e5 2. Nf3 Nc6 3. Nc3 Bc5 4. Nxe5 Nxe5 5. d4 Bd6 6. dxe5 Bxe5 7. Bd3 Qh4 8. Qd2 Nf6 9. Qg5 Qxg5 10. Bxg5 O-O 11. Bd2 Re8 12. O-O-O Bxc3 13. Bxc3 Nxe4 14. Rhe1 1/2-1/2

[Event "Sitges Open 29th"]
[Site "?"]
[Date "2003.07.23"]
[Round "6"]
[White "Georgiev Vladimir"]
[Black "Mitkov Nikola"]
[Result "1/2-1/2"]
[WhiteElo "2566"]
[BlackElo "2552"]
[PlyCount "21"]
[EventDate "2003.??.??"]
[Source "www.chesslib.no"]
[SourceDate "2004.05.04"]

1. e4 Nc6 2. Nf3 e5 3. Nc3 Bc5 4. Bc4 d6 5. d3 h6 6. h3 Nf6 7. Na4 Bb6 8. Nxb6 axb6 9. a3 Be6 10. Bxe6 fxe6 11. O-O 1/2-1/2

[Event "Cannes op"]
[Site "Cannes"]
[Date "1998.??.??"]
[Round "9"]
[White "Hamdouchi, Hichem"]
[Black "Romanishin, Oleg M"]
[Result "1/2-1/2"]
[WhiteElo "2535"]
[BlackElo "2570"]
[PlyCount "21"]
[EventDate "1998.02.21"]
[Source "ChessBase"]
[SourceDate "1998.04.29"]

1. e4 e5 2. Nf3 Nc6 3. Nc3 Bc5 4. Nxe5 Nxe5 5. d4 Bd6 6. dxe5 Bxe5 7. Bd3 Nf6 8. O-O O-O 9. f4 Bxc3 10. bxc3 d5 11. e5 1/2-1/2

[Event "IBM"]
[Site "Amsterdam"]
[Date "1978.??.??"]
[Round "10"]
[White "Nikolac, Juraj"]
[Black "Romanishin, Oleg M"]
[Result "0-1"]
[WhiteElo "2495"]
[BlackElo "2610"]
[PlyCount "100"]
[EventDate "1978.07.??"]
[Source "ChessBase"]

1. e4 e5 2. Nf3 Nc6 3. Nc3 d6 4. Bb5 a6 5. Bxc6+ bxc6 6. d4 f6 7. Be3 Be6 8. Qd3 Ne7 9. O-O-O Qc8 10. h4 a5 11. dxe5 dxe5 12. Na4 h5 13. Nd2 Ng6 14. g3 Qa6 15. Qxa6 Rxa6 16. Nb3 Bg4 17. Rd2 Bb4 18. c3 Bd6 19. Nbc5 Ra8 20. Rf1 Ke7 21. f3 Bc8 22. Rfd1 Nf8 23. c4 Rb8 24. Rc2 Kf7 25. Rd3 Be7 26. Bd2 Ra8 27. Be1 Ne6 28. Nb3 g5 29. hxg5 fxg5 30. Bc3 Bf6 31. Nxa5 h4 32. gxh4 gxh4 33. b3 h3 34. Rh2 Bg5+ 35. Kb2 Bf4 36. Rh1 Ra6 37. c5 Kf6 38. Rdd1 h2 39. Nc4 Rg8 40. Kb1 Rg2 41. Ncb2 Ra8 42. Nd3 Ba6 43. Nxf4 Nxf4 44. Nb2 Be2 45. Rde1 Ke6 46. a4 Bxf3 47. Nc4 Nd3 48. Ref1 Bxe4 49. Ka1 Nf2 50. Ne3 Nxh1 0-1

[Event "Cappelle Open"]
[Site "Cappelle la Grande FRA"]
[Date "1995.??.??"]
[Round "6"]
[White "Istratescu, Andrei"]
[Black "Romanishin, Oleg M"]
[Result "1/2-1/2"]
[WhiteElo "2505"]
[BlackElo "2595"]
[PlyCount "32"]
[EventDate "1995.03.??"]
[Source "www.chesslib.no"]
[SourceDate "2004.05.04"]

1. e4 e5 2. Nf3 Nc6 3. Nc3 Bc5 4. Nxe5 Nxe5 5. d4 Bd6 6. dxe5 Bxe5 7. Bd3 Qh4 8. Be3 Nf6 9. g3 Bxc3+ 10. bxc3 Qh3 11. Qe2 O-O 12. e5 Nd5 13. Bd4 d6 14. Qe4 Be6 15. exd6 cxd6 16. Kd2 Rac8 1/2-1/2

[Event "Biel"]
[Site "Biel"]
[Date "1987.??.??"]
[Round "?"]
[White "Campora, Daniel Hugo"]
[Black "Romanishin, Oleg M"]
[Result "1/2-1/2"]
[WhiteElo "2545"]
[BlackElo "2555"]
[PlyCount "50"]
[EventDate "1987.07.??"]
[Source "ChessBase"]

1. e4 e5 2. Nf3 Nc6 3. Nc3 d6 4. Bb5 Bg4 5. h3 Bxf3 6. Qxf3 Nf6 7. Nd5 a6 8. Nxf6+ Qxf6 9. Bxc6+ bxc6 10. Qb3 Be7 11. Qb7 Kd7 12. Qb3 g5 13. Ke2 h5 14. Qf3 Qxf3+ 15. Kxf3 g4+ 16. Ke2 Rag8 17. Kf1 d5 18. d3 Bc5 19. Bd2 g3 20. f3 h4 21. Ke2 Rh5 22. b4 Bf2 23. Be3 Bxe3 24. Kxe3 f5 25. c4 d4+ 1/2-1/2

[Event "Bled op"]
[Site "Bled"]
[Date "1998.??.??"]
[Round "6"]
[White "Sermek, Drazen"]
[Black "Romanishin, Oleg M"]
[Result "1/2-1/2"]
[WhiteElo "2510"]
[BlackElo "2570"]
[PlyCount "47"]
[EventDate "1998.03.21"]
[Source "www.chesslib.no"]
[SourceDate "2004.05.04"]

1. e4 e5 2. Nf3 Nc6 3. Nc3 Bc5 4. Nxe5 Nxe5 5. d4 Bd6 6. dxe5 Bxe5 7. Bd3 Nf6 8. O-O O-O 9. f4 Bxc3 10. bxc3 d5 11. e5 Ne4 12. f5 Qe7 13. Bxe4 dxe4 14. Qd4 Re8 15. e6 fxe6 16. f6 gxf6 17. Rxf6 Rd8 18. Qe5 Rd1+ 19. Rf1 Rxf1+ 20. Kxf1 Qg7 21. Qxe4 Bd7 22. Be3 Qf6+ 23. Kg1 Bc6 24. Qg4+ 1/2-1/2

[Event "Bad Homburg"]
[Site "Bad Homburg"]
[Date "1998.07.25"]
[Round "8"]
[White "Larsen, Bent"]
[Black "Torre, Eugenio"]
[Result "1/2-1/2"]
[WhiteElo "2515"]
[BlackElo "2560"]
[PlyCount "43"]
[EventDate "1998.07.17"]
[Source "ChessBase"]
[SourceDate "1998.09.30"]

1. e4 e5 2. Nc3 Bc5 3. Nf3 Nc6 4. Nxe5 Nxe5 5. d4 Bd6 6. dxe5 Bxe5 7. Qd3 Nf6 8. Bd2 O-O 9. O-O-O Re8 10. Re1 c6 11. h3 h5 12. f4 Bxc3 13. Bxc3 d5 14. exd5 Nxd5 15. Rxe8+ Qxe8 16. Bd2 a5 17. Qe2 Be6 18. g4 Nb6 19. f5 Bd5 20. Qxe8+ Rxe8 21. Rh2 Nc4 22. Bxc4 1/2-1/2

[Event "Balatonbereny"]
[Site "Balatonbereny"]
[Date "1996.??.??"]
[Round "3"]
[White "Palkovi, Jozsef"]
[Black "Romanishin, Oleg M"]
[Result "0-1"]
[WhiteElo "2480"]
[BlackElo "2590"]
[PlyCount "78"]
[EventDate "1996.06.13"]
[Source "ChessBase"]

1. e4 e5 2. Nf3 Nc6 3. Nc3 Bc5 4. Nxe5 Nxe5 5. d4 Bd6 6. dxe5 Bxe5 7. Qd3 Nf6 8. Bd2 O-O 9. O-O-O Re8 10. f3 c6 11. g4 Qb6 12. Re1 d5 13. exd5 Nxd5 14. Kb1 Bd7 15. Na4 Qc7 16. Nc5 Rad8 17. Nxd7 Rxd7 18. Qb3 Rde7 19. Bc4 Nb6 20. f4 Nxc4 21. Qxc4 Bd6 22. Rxe7 Qxe7 23. Bc3 Qe4 24. Qxe4 Rxe4 25. Rd1 Bf8 26. Rd8 Rxf4 27. a3 f5 28. g5 b6 29. Ka2 Re4 30. Rd7 Re7 31. Rd3 f4 32. Rf3 Re4 33. Bd2 Bd6 34. Kb1 c5 35. c3 Kf7 36. Kc2 c4 37. a4 Kg6 38. h4 Kf5 39. Rf2 Kg4 0-1

[Event "Bad Endbach/Gladenbach"]
[Site "?"]
[Date "1995.??.??"]
[Round "?"]
[White "Gutman, L."]
[Black "Romanishin, O."]
[Result "0-1"]
[WhiteElo "2470"]
[BlackElo "2595"]
[PlyCount "108"]
[EventDate "1995.??.??"]
[Source "ChessBase"]
[SourceDate "1995.02.01"]

1. e4 e5 2. Nf3 Nc6 3. Nc3 Bc5 4. Be2 d6 5. Na4 Nge7 6. O-O Ng6 7. c3 O-O 8. d4 Bb6 9. d5 Nce7 10. b4 Bd7 11. Nb2 f5 12. exf5 Nxf5 13. Nc4 Nfh4 14. Nxh4 Qxh4 15. g3 Qh3 16. Nxb6 axb6 17. f3 Ne7 18. Rf2 Rf7 19. a4 Qf5 20. c4 Qg6 21. a5 bxa5 22. bxa5 Raf8 23. Ra3 Nf5 24. Bd3 Qf6 25. Be4 Nd4 26. Bb2 c5 27. dxc6 Bxc6 28. Qd3 Bxe4 29. Qxe4 Ne6 30. h4 Kh8 31. f4 Nc5 32. Qd5 Qg6 33. Rg2 Rf5 34. Qd1 Qe6 35. Qe2 exf4 36. gxf4 Qxe2 37. Rxe2 Rxf4 38. Rg3 Rf1+ 39. Kg2 R1f7 40. h5 h6 41. Rg6 Nd3 42. Kh1 Nf4 43. Rxg7 Rxg7 44. Re7 Nxh5 45. Bxg7+ Nxg7 46. Rxb7 Rf1+ 47. Kg2 Ra1 48. Rb5 Kh7 49. Rd5 Ne8 50. Rb5 Nf6 51. Kf3 Ra3+ 52. Kf4 Kg6 53. c5 Nd5+ 54. Kg4 h5+ 0-1

[Event "Moscow-A"]
[Site "Moscow"]
[Date "1989.??.??"]
[Round "?"]
[White "Campora, Daniel Hugo"]
[Black "Murey, Jacob"]
[Result "1/2-1/2"]
[WhiteElo "2500"]
[BlackElo "2560"]
[PlyCount "96"]
[EventDate "1989.05.??"]
[Source "ChessBase"]

1. e4 e5 2. Nf3 Nc6 3. Nc3 d6 4. Bb5 Nge7 5. d4 a6 6. Bc4 b5 7. Be2 Nxd4 8. Nxd4 exd4 9. Qxd4 Nc6 10. Qe3 g6 11. Nxb5 axb5 12. Bxb5 Bd7 13. Bxc6 Bxc6 14. Qc3 Bxe4 15. O-O Rg8 16. Re1 f5 17. f3 d5 18. fxe4 dxe4 19. Qc6+ Kf7 20. Bf4 Bd6 21. Rad1 Qe8 22. Qd5+ Qe6 23. Bxd6 Qxd5 24. Rxd5 cxd6 25. Ra1 Rgc8 26. c3 Ke6 27. Rb5 Rc5 28. Rb4 Rd5 29. a4 Ke5 30. Rb7 Rd3 31. b4 Rc8 32. Rc1 f4 33. a5 Rd2 34. a6 Ra2 35. b5 e3 36. g3 g5 37. a7 f3 38. Re7+ Kf5 39. Rxe3 Rxa7 40. Rxf3+ Kg4 41. Kg2 Ra2+ 42. Rf2 Rxf2+ 43. Kxf2 Kh3 44. Rg1 Rc5 45. Rb1 Rxc3 46. b6 Rc8 47. b7 Rb8 48. Rb3 d5 1/2-1/2

[Event "15th Open"]
[Site "Leuven"]
[Date "2003.11.11"]
[Round "9"]
[White "Golubev, Mihail"]
[Black "Torre, Eugenio"]
[Result "0-1"]
[WhiteElo "2536"]
[BlackElo "2520"]
[PlyCount "48"]
[EventDate "2003.11.07"]
[Source "Roberto Alvarez"]
[SourceDate "2003.11.17"]

1. e4 e5 2. Nf3 Nc6 3. Nc3 Bc5 4. Nxe5 Nxe5 5. d4 Bd6 6. dxe5 Bxe5 7. Qd3 Nf6 8. Bd2 O-O 9. O-O-O Re8 10. f3 c6 11. g3 b5 12. Bg2 b4 13. Ne2 Qa5 14. Qb3 Rb8 15. f4 Bc7 16. e5 Ba6 17. Nd4 c5 18. a3 Ng4 19. Qf3 cxd4 20. Bxb4 Rxb4 21. axb4 Qxb4 22. Qd5 d3 23. Qxd7 Rb8 24. Qxc7 d2+ 0-1

[Event "OHRA-B"]
[Site "Amsterdam NED"]
[Date "1987.??.??"]
[Round "3"]
[White "Campora, Daniel H"]
[Black "Murey, Jacob I"]
[Result "1/2-1/2"]
[WhiteElo "2545"]
[BlackElo "2505"]
[PlyCount "107"]
[EventDate "1987.08.??"]
[Source "www.chesslib.no"]
[SourceDate "2004.05.04"]

1. e4 e5 2. Nf3 Nc6 3. Nc3 d6 4. Bb5 Nge7 5. d4 a6 6. Bxc6+ Nxc6 7. dxe5 Nxe5 8. Nxe5 dxe5 9. Qxd8+ Kxd8 10. Bg5+ f6 11. O-O-O+ Bd6 12. Be3 Be6 13. Nd5 Bxd5 14. Rxd5 Ke7 15. Rhd1 Rhd8 16. R5d3 Rac8 17. Rb3 b5 18. c4 c6 19. a4 Rb8 20. axb5 axb5 21. cxb5 Rxb5 22. Rxb5 cxb5 23. Rd5 Rb8 24. Kc2 Ke6 25. Kb3 f5 26. f3 fxe4 27. fxe4 Rb7 28. Kc2 Be7 29. Kb1 Bd6 30. h3 h5 31. Kc2 Be7 32. Kb1 Bd6 33. Ka2 Be7 34. Bg1 Rd7 35. Rxb5 Rd2 36. g4 hxg4 37. hxg4 Rg2 38. Bc5 Bxc5 39. Rxc5 Rxg4 40. Rc4 Rg2 41. Ka3 g5 42. b4 Rg1 43. Rc6+ Kd7 44. b5 Re1 45. Kb4 Rxe4+ 46. Kc5 Re1 47. Rg6 Rc1+ 48. Kb6 Rg1 49. Kc5 g4 50. b6 g3 51. Rg7+ Ke6 52. b7 Rb1 53. Kc6 Rc1+ 54. Kb6 1/2-1/2

[Event "Santa Cruz de la Palma Open"]
[Site "Santa Cruz"]
[Date "1995.??.??"]
[Round "?"]
[White "Todorcevic, Miodrag"]
[Black "Damljanovic, Branko"]
[Result "1-0"]
[WhiteElo "2460"]
[BlackElo "2575"]
[PlyCount "107"]
[EventDate "1995.07.??"]
[Source "www.chesslib.no"]
[SourceDate "2004.05.04"]

1. e4 e5 2. Nf3 Nc6 3. Nc3 Be7 4. d4 d6 5. Bb5 exd4 6. Qxd4 Kf8 7. Qe3 Nf6 8. O-O h5 9. h3 h4 10. b3 Nb4 11. Qd2 d5 12. Ba3 c6 13. e5 Ne8 14. Be2 a5 15. Na4 b5 16. Nb2 Nc7 17. c3 Nba6 18. Bxe7+ Qxe7 19. Nd4 Bd7 20. f4 Nc5 21. Bf3 g6 22. Rae1 N5e6 23. Nd3 Ng7 24. Bg4 Bxg4 25. hxg4 c5 26. Nc2 c4 27. Nf2 Qc5 28. Nd4 b4 29. f5 gxf5 30. gxf5 Rh5 31. Ng4 bxc3 32. Qe3 cxb3 33. Nf6 Ke7 34. Nxh5 Nxh5 35. Rc1 Nb5 36. f6+ Kd7 37. e6+ fxe6 38. Qxe6+ Kc7 39. Qe7+ Qxe7 40. Nxb5+ Kb6 41. fxe7 Kxb5 42. Rf8 b2 43. Rcf1 Ng7 44. Rxa8 Kc4 45. Rb1 a4 46. Kh2 Kd3 47. a3 d4 48. Rd1+ Ke4 49. Re1+ Kd5 50. Rd8+ Kc5 51. Rg8 d3 52. Rxg7 c2 53. e8=Q c1=Q 54. Qe5+ 1-0

[Event "Ano Liosia op"]
[Site "Ano Liosia"]
[Date "1995.??.??"]
[Round "9"]
[White "Mainka, Romuald"]
[Black "Ibragimov, Ildar"]
[Result "0-1"]
[WhiteElo "2515"]
[BlackElo "2520"]
[PlyCount "133"]
[EventDate "1995.??.??"]
[Source "ChessBase"]

1. e4 e5 2. Nf3 Nc6 3. Nc3 d6 4. d4 Bg4 5. dxe5 dxe5 6. Qxd8+ Rxd8 7. Bb5 Bb4 8. Bxc6+ bxc6 9. Be3 Bxf3 10. gxf3 f5 11. Rg1 f4 12. Bd2 Kf7 13. Nb1 Bd6 14. Bc3 Ne7 15. Nd2 Rhg8 16. Nc4 Ke6 17. h4 g5 18. hxg5 h5 19. Ke2 Rg7 20. Rg2 Rdg8 21. Rag1 Ng6 22. Rh2 Rh7 23. Rgh1 h4 24. Kf1 Rh5 25. Rg1 a6 26. Rg4 h3 27. Ke2 Nh8 28. a4 Rg6 29. Rg1 Nf7 30. Rgh1 Nxg5 31. Rg1 Rgh6 32. b3 Nf7 33. Nb2 Rh4 34. Nd3 Kf6 35. b4 Rh8 36. Ba1 Rb8 37. Rgh1 Rbh8 38. Rg1 R8h5 39. c4 Be7 40. c5 Ke6 41. Bc3 Bf6 42. Rb1 Rh8 43. Rg1 R4h6 44. Bb2 Rh4 45. Bc3 R8h7 46. Rgh1 Ng5 47. Rd1 Rd7 48. Rd2 Rh8 49. Nxf4+ exf4 50. Rxd7 Bxc3 51. Rxc7 Bxb4 52. Rxc6+ Ke7 53. Rxa6 Bxc5 54. Rg6 Ne6 55. Kd3 Nd4 56. Kc4 Nxf3 57. Rxh3 Rxh3 58. Kxc5 Rh5+ 59. Kb6 Ne5 60. Rg7+ Kd6 61. Rg1 Nd7+ 62. Ka6 Nc5+ 63. Kb5 Nxe4+ 64. Kb6 Rh3 65. Rd1+ Ke5 66. a5 Rh6+ 67. Kb5 0-1

[Event "69th ch-BLR"]
[Site "Minsk"]
[Date "2003.03.07"]
[Round "8"]
[White "Kovalev, Andrei"]
[Black "Kupreichik, Viktor D"]
[Result "1-0"]
[WhiteElo "2539"]
[BlackElo "2490"]
[PlyCount "109"]
[EventDate "2003.02.28"]
[Source "Roberto Alvarez"]
[SourceDate "2003.04.07"]

1. e4 e5 2. Nf3 Nc6 3. Nc3 Bc5 4. Nxe5 Nxe5 5. d4 Bd6 6. dxe5 Bxe5 7. Bd3 Nf6 8. O-O d6 9. Bd2 O-O 10. f4 Bd4+ 11. Kh1 Bd7 12. Qf3 Bc6 13. Qg3 Qd7 14. h3 d5 15. e5 Ne4 16. Bxe4 dxe4 17. Rad1 Qf5 18. Ne2 Bxb2 19. Rb1 Bb5 20. Rfe1 Bxe2 21. Rxe2 Bd4 22. Rbe1 Rad8 23. Rxe4 Rfe8 24. Qf3 h5 25. R1e2 Bb6 26. g4 hxg4 27. hxg4 Qe6 28. c4 Qc6 29. Kg2 Rd4 30. Rxd4 Qxf3+ 31. Kxf3 Bxd4 32. Be1 g5 33. Bg3 gxf4 34. Bxf4 Kg7 35. Ke4 Bc5 36. Kf5 Re6 37. Rd2 c6 38. Rb2 b6 39. Rd2 a5 40. Rd7 Re7 41. Rd8 Re6 42. a4 Be7 43. Rb8 b5 44. cxb5 cxb5 45. Rxb5 Bd8 46. Rd5 Bc7 47. Bg5 Rc6 48. Bf6+ Kf8 49. Bd8 Bxd8 50. Rxd8+ Ke7 51. Ra8 Rc5 52. g5 Rd5 53. Ra7+ Ke8 54. g6 fxg6+ 55. Ke6 1-0

[Event "Pula PCA Open"]
[Site "Pula CRO"]
[Date "1994.??.??"]
[Round "?"]
[White "Timoshenko, Georgy"]
[Black "Kruppa, Yuri"]
[Result "1/2-1/2"]
[WhiteElo "2520"]
[BlackElo "2505"]
[PlyCount "20"]
[EventDate "1994.10.??"]
[Source "www.chesslib.no"]
[SourceDate "2004.05.04"]

1. e4 e5 2. Nc3 Nc6 3. Nf3 d6 4. d4 Bd7 5. g3 exd4 6. Nxd4 g6 7. Bg2 Bg7 8. Be3 Nf6 9. h3 O-O 10. O-O Re8 1/2-1/2

[Event "MK Cafe op-A"]
[Site "Koszalin"]
[Date "1997.08.06"]
[Round "5"]
[White "Pedzich, Dominik"]
[Black "Romanishin, Oleg M"]
[Result "1/2-1/2"]
[WhiteElo "2465"]
[BlackElo "2550"]
[PlyCount "51"]
[EventDate "1997.08.03"]
[Source "ChessBase"]
[SourceDate "1997.09.26"]

1. e4 e5 2. Nf3 Nc6 3. Nc3 Bc5 4. Nxe5 Nxe5 5. d4 Bd6 6. dxe5 Bxe5 7. f4 Bxc3+ 8. bxc3 d6 9. Bc4 Qh4+ 10. g3 Qh3 11. Bf1 Qe6 12. Bg2 Nf6 13. O-O O-O 14. Qd4 Re8 15. Re1 Bd7 16. c4 c5 17. Qc3 d5 18. f5 Qe7 19. e5 Ne4 20. Qd3 Qxe5 21. Bf4 Qf6 22. g4 Nc3 23. Bd2 Ne4 24. Bf4 Nc3 25. Bd2 Ne4 26. Bf4 1/2-1/2

[Event "World Cup VI Final"]
[Site "World Cup VI Final"]
[Date "1994.??.??"]
[Round "?"]
[White "Pfretzschner, Roland"]
[Black "Terteryants, Mikhail Rubenovich"]
[Result "1/2-1/2"]
[WhiteElo "2510"]
[BlackElo "2495"]
[PlyCount "66"]
[EventDate "1994.??.??"]
[Source "www.chesslib.no"]
[SourceDate "2004.05.04"]

1. e4 e5 2. Nc3 Bc5 3. Nf3 Nc6 4. Nxe5 Nxe5 5. d4 Bd6 6. dxe5 Bxe5 7. Bd3 Qh4 8. g3 Qh3 9. Nd5 Nf6 10. Bf4 Nxd5 11. Bxe5 f6 12. Bd4 Ne7 13. Qe2 d6 14. O-O-O Be6 15. Kb1 Nc6 16. Bc3 Ne5 17. Bb5+ Nd7 18. Qe3 O-O 19. f4 a6 20. Bf1 Qh5 21. g4 Bxg4 22. Rd2 Rae8 23. Rg1 Rf7 24. Bc4 Be6 25. Be2 Qh4 26. Bd3 f5 27. Rdg2 Nf6 28. b3 Bd5 29. Rg5 h6 30. Rxf5 Be6 31. Rxf6 Rxf6 32. Bxf6 Qxf6 33. Qg3 Bd7 1/2-1/2

[Event "Elgoibar"]
[Site "Elgoibar ESP"]
[Date "1995.??.??"]
[Round "9"]
[White "Campora, Daniel H"]
[Black "Mitkov, Nikola"]
[Result "1-0"]
[WhiteElo "2525"]
[BlackElo "2475"]
[PlyCount "39"]
[EventDate "1995.11.??"]
[Source "www.chesslib.no"]
[SourceDate "2004.05.04"]

1. e4 e5 2. Nf3 Nc6 3. Nc3 Bc5 4. Nxe5 Nxe5 5. d4 Bd6 6. dxe5 Bxe5 7. Bd3 Nf6 8. O-O O-O 9. f4 Bd4+ 10. Kh1 d6 11. Qf3 Re8 12. Bd2 Bd7 13. Rae1 Bc6 14. Qg3 g6 15. f5 Bxc3 16. Bxc3 Nxe4 17. Rxe4 Bxe4 18. fxg6 fxg6 19. Qf2 Bf5 20. Bc4+ 1-0

[Event "Linares Anibal op 4th"]
[Site "Linares"]
[Date "1997.??.??"]
[Round "7"]
[White "Shaked, Tal"]
[Black "Romanishin, Oleg M"]
[Result "1-0"]
[WhiteElo "2445"]
[BlackElo "2555"]
[PlyCount "119"]
[EventDate "1997.02.??"]
[Source "ChessBase"]

1. e4 e5 2. Nf3 Nc6 3. Nc3 Bc5 4. Nxe5 Nxe5 5. d4 Bd6 6. dxe5 Bxe5 7. Bd3 Nf6 8. Ne2 c6 9. f4 Bc7 10. e5 Nd5 11. Bd2 d6 12. c4 Ne7 13. Qc2 dxe5 14. O-O-O Bg4 15. Bc3 Qc8 16. fxe5 Qe6 17. h3 Bxe2 18. Qxe2 O-O-O 19. Rhf1 Rhf8 20. Kc2 Kb8 21. Qg4 Qxg4 22. hxg4 c5 23. Bxh7 Rxd1 24. Kxd1 Nc6 25. e6 Rd8+ 26. Ke2 fxe6 27. Bxg7 Rd7 28. Rf8+ Bd8 29. Bf6 Kc7 30. Bxd8+ Nxd8 31. Be4 Nf7 32. b3 Kd6 33. Ke3 Ke5 34. Bf3 b6 35. Rg8 Nd6 36. Rg5+ Kf6 37. Rg8 Rh7 38. Rd8 Ke5 39. Rf8 Nf7 40. Re8 Ng5 41. Rb8 Rg7 42. a4 Nh7 43. a5 Nf6 44. a6 Nxg4+ 45. Ke2 Nf6 46. Rb7 Rd7 47. Bc6 Rh7 48. Ke3 Kd6 49. Bf3 Ke5 50. g4 Rh3 51. g5 Ng4+ 52. Ke2 Nh2 53. Bc6 Rxb3 54. Rxa7 Ra3 55. g6 Ng4 56. g7 Nh6 57. Bb5 Kf6 58. Rb7 Kg6 59. a7 Kf6 60. Bc6 1-0

[Event "Altensteig"]
[Site "?"]
[Date "1992.??.??"]
[Round "?"]
[White "Luther, Th"]
[Black "Romanishin, O."]
[Result "0-1"]
[WhiteElo "2435"]
[BlackElo "2555"]
[PlyCount "70"]
[EventDate "1992.??.??"]
[Source "ChessBase"]
[SourceDate "1992.06.01"]

1. e4 e5 2. Nc3 Bc5 3. Nf3 Nc6 4. Nxe5 Nxe5 5. d4 Bd6 6. dxe5 Bxe5 7. Bd3 Qh4 8. g3 Qh3 9. Bf1 Qe6 10. Bg2 Bxc3+ 11. bxc3 Nf6 12. O-O O-O 13. Qd4 Re8 14. c4 d6 15. Bb2 Qe5 16. Qxe5 dxe5 17. Rfe1 Nd7 18. f4 f6 19. Rad1 Nb6 20. Bf1 Bg4 21. Rb1 Nd7 22. h3 Be6 23. Red1 Rad8 24. Ba3 exf4 25. Rxb7 fxg3 26. Rxc7 Ne5 27. Bd6 h5 28. c5 h4 29. Rb1 Nf3+ 30. Kh1 Rd7 31. Rbb7 Rxc7 32. Rxc7 Ng5 33. Re7 Rxe7 34. Bxe7 Kf7 35. Bd6 Nxe4 0-1

[Event "Platja d'Aro Barcino"]
[Site "Platja d'Aro"]
[Date "1994.??.??"]
[Round "?"]
[White "Spraggett, Kevin B"]
[Black "Rodriguez, Orestes"]
[Result "1-0"]
[WhiteElo "2550"]
[BlackElo "2440"]
[PlyCount "45"]
[EventDate "1994.10.??"]
[Source "www.chesslib.no"]
[SourceDate "2004.05.04"]

1. e4 e5 2. Nf3 Nc6 3. Nc3 Bc5 4. Nxe5 Bxf2+ 5. Kxf2 Nxe5 6. d4 Ng6 7. Be2 N8e7 8. h4 h6 9. h5 Nf8 10. Qd3 Ne6 11. d5 Ng5 12. Bxg5 hxg5 13. Qg3 f6 14. d6 cxd6 15. Qxd6 O-O 16. Rad1 Kh7 17. Bg4 f5 18. Bxf5+ Nxf5 19. Qg6+ Kg8 20. exf5 Rf6 21. Nd5 Rxg6 22. hxg6 d6 23. Rde1 1-0

[Event "Moscow-ch"]
[Site "Moscow"]
[Date "1999.??.??"]
[Round "8"]
[White "Najer, Evgeniy"]
[Black "Vorotnikov, Vladislav V"]
[Result "1/2-1/2"]
[WhiteElo "2522"]
[BlackElo "2463"]
[PlyCount "56"]
[EventDate "1999.??.??"]
[Source "www.chesslib.no"]
[SourceDate "2004.05.04"]

1. e4 e5 2. Nf3 Nc6 3. Nc3 d6 4. d4 exd4 5. Nxd4 Nf6 6. Bc4 Be7 7. O-O O-O 8. Nxc6 bxc6 9. Bb3 Nd7 10. Be3 Bf6 11. Bd4 Nb6 12. Re1 a5 13. Na4 Nd7 14. Bxf6 Qxf6 15. Qd2 Re8 16. Bc4 Ne5 17. Bf1 g5 18. b3 h6 19. Nc3 Bd7 20. a4 Ng6 21. Re3 Re5 22. Rae1 Rae8 23. Nb1 g4 24. Qc3 Qh4 25. g3 Qg5 26. Nd2 Rc5 27. Qb2 Qe7 28. Nc4 Ne5 1/2-1/2